Proyecto Hidroeléctrico Corobicí
Na minha lista:
| Autor principal: | |
|---|---|
| Formato: | Desconhecido |
| Publicado em: |
[San José : Costa Rica]
1979
|
| Assuntos: | |
| Tags: |
Adicionar Tag
Sem tags, seja o primeiro a adicionar uma tag!
|
MARC
| LEADER | 00000 a2200000 4500 | ||
|---|---|---|---|
| 003 | 000910 | ||
| 005 | 20221231143747.0 | ||
| 008 | 140114s1979 c a m 000 ||s d | ||
| 040 | |c cru CEDI | ||
| 090 | |a TFG 1159 | ||
| 100 | |a Faith Delgado, Erika |9 15611 | ||
| 245 | |a Proyecto Hidroeléctrico Corobicí | ||
| 260 | |c 1979 |a [San José : Costa Rica] | ||
| 300 | |a 87 hojas : ilustraciones (algunas plegables) ; 28 cm | ||
| 500 | |a Tesis (ingeniero civil)--Universidad de Costa Rica. | ||
| 650 | |x INSTITUTO COSTARRICENSE DE ELECTRICIDAD.. PROYECTO HIDROELECTRICO DE COROBICI |x TRANSPORTE HIDRAULICO |9 15612 | ||
| 942 | |c TFG | ||
| 999 | |c 11404 |d 11404 | ||
